Fenomen predprinimatel'stva.
Podnikanie je jedným z nových javov, ktoré prináša prechod na trhové hospodárstvo. Podnikanie obsahuje v sebe široké spektrum spoločenských vzťahov. Základ spočíva v ekonomických podmienkach ľudskej činnosti. Z ekonomického hľadiska je podnikanie dialektickou jednotou všeobecného ekonomického obsahu...
Uložené v:
| Hlavný autor: | |
|---|---|
| Médium: | Kapitola |
| Jazyk: | Russian |
| Predmet: | |
| Tagy: |
Žiadne tagy, Buďte prvý, kto otaguje tento záznam!
|
MARC
| LEADER | 00000naa a2200000 4500 | ||
|---|---|---|---|
| 001 | r010033 | ||
| 005 | 20221130113203.3 | ||
| 041 | 0 | |a rus | |
| 044 | |a [SU] | ||
| 245 | 1 | 0 | |a Fenomen predprinimatel'stva. |c V. Korolev |
| 520 | |a Podnikanie je jedným z nových javov, ktoré prináša prechod na trhové hospodárstvo. Podnikanie obsahuje v sebe široké spektrum spoločenských vzťahov. Základ spočíva v ekonomických podmienkach ľudskej činnosti. Z ekonomického hľadiska je podnikanie dialektickou jednotou všeobecného ekonomického obsahu a špecifickej sociálnej formy. Skúmanie podnikania ako ekonomickej kategórie, metódy hospodárenia a ako typu ekonomického myslenia. | ||
| 610 | 2 | 0 | |a podnikanie |
| 610 | 2 | 0 | |a hospodárstvo trhové |
| 610 | 2 | 0 | |a vzťahy spoločenské |
| 610 | 2 | 0 | |a kategórie ekonomické |
| 610 | 2 | 0 | |a činnosť hospodárska |
| 100 | 1 | |a Korolev, V. | |